Welcome to CU Library Online Public Access Catalogue (OPAC)

Common Diseases of Urinary System/ (Record no. 3721)

MARC details
000 -LEADER
fixed length control field 00419nam a22001457a 4500
005 - DATE AND TIME OF LATEST TRANSACTION
control field 20250209105556.0
008 - FIXED-LENGTH DATA ELEMENTS--GENERAL INFORMATION
fixed length control field 250209b |||||||| |||| 00| 0 eng d
020 ## - INTERNATIONAL STANDARD BOOK NUMBER
International Standard Book Number 9788171821259
050 ## - LIBRARY OF CONGRESS CALL NUMBER
Classification number RC900 SHA
100 ## - MAIN ENTRY--PERSONAL NAME
Personal name Sharma, S. K.
245 ## - TITLE STATEMENT
Title Common Diseases of Urinary System/
Remainder of title prevention & cure
Statement of responsibility, etc. S. K. Sharma
260 ## - PUBLICATION, DISTRIBUTION, ETC.
Place of publication, distribution, etc. New Delhi
Name of publisher, distributor, etc. Diamond Pocket Books
Date of publication, distribution, etc. 2006
300 ## - PHYSICAL DESCRIPTION
Extent 17-208p.
Dimensions 21.4cm
942 ## - ADDED ENTRY ELEMENTS (KOHA)
Source of classification or shelving scheme Library of Congress Classification
Koha item type Books
Suppress in OPAC No
999 ## -
-- 3721
-- 3721
Holdings
Withdrawn status Lost status Source of classification or shelving scheme Damaged status Not for loan Collection Home library Current library Shelving location Date acquired Total checkouts Full call number Barcode Date last seen Copy number Price effective from Koha item type
    Library of Congress Classification     Non-fiction Science Library (Miotso) Science Library (Miotso) General stacks 02/09/2025   RC900 SHA SLM00003323 02/09/2025 1 02/09/2025 Books
    Library of Congress Classification     Non-fiction Science Library (Miotso) Science Library (Miotso) General stacks 02/09/2025   RC900 SHA SLM00003324 02/09/2025 2 02/09/2025 Books
    Library of Congress Classification     Non-fiction Science Library (Miotso) Science Library (Miotso) General stacks 02/09/2025   RC900 SHA SLM00003325 02/09/2025 3 02/09/2025 Books
    Library of Congress Classification     Non-fiction Science Library (Miotso) Science Library (Miotso) General stacks 02/09/2025   RC900 SHA SLM00003326 02/09/2025 4 02/09/2025 Books
    Library of Congress Classification     Non-fiction Science Library (Miotso) Science Library (Miotso) General stacks 02/09/2025   RC900 SHA SLM00003327 02/09/2025 5 02/09/2025 Books
© 2023-2024 Copyright: Central University Libraries. All Rights Reserved | Created by: Mahone Tech Office